Police Code of Silence in Times of Change (Record no. 31066)
[ view plain ]
| 000 -LEADER | |
|---|---|
| fixed length control field | 00583nam a2200121Ia 4500 |
| 008 - FIXED-LENGTH DATA ELEMENTS--GENERAL INFORMATION | |
| fixed length control field | 220620s9999||||xx |||||||||||||| ||und|| |
| 100 ## - MAIN ENTRY--PERSONAL NAME | |
| Personal name | Kutnjak Ivković, Sanja||Maskály, Jon||Kule, Ahmet||Haberfeld, Maria Maki |
| 245 #0 - TITLE STATEMENT | |
| Title | Police Code of Silence in Times of Change |
| 546 ## - LANGUAGE NOTE | |
| Language note | English[eng] |
| 650 ## - SUBJECT ADDED ENTRY--TOPICAL TERM | |
| Topical term or geographic name entry element | Police code of silence||police integrity||Police legitimacy||police culture||police misconduct||procedural justice||police reform||defund the police||Open Access |
| 856 ## - ELECTRONIC LOCATION AND ACCESS | |
| Uniform Resource Identifier | <a href="https://library.oapen.org/bitstream/20.500.12657/54025/1/978-3-030-96844-1.pdf">https://library.oapen.org/bitstream/20.500.12657/54025/1/978-3-030-96844-1.pdf</a> |
| 942 ## - ADDED ENTRY ELEMENTS (KOHA) | |
| Koha item type | E-Books |
| Withdrawn status | Lost status | Damaged status | Not for loan | Home library | Current library | Date acquired | Total Checkouts | Date last seen | Price effective from | Koha item type |
|---|---|---|---|---|---|---|---|---|---|---|
| Kerala University of Digital Sciences, Innovation and Technology Knowledge Centre | Kerala University of Digital Sciences, Innovation and Technology Knowledge Centre | 20/06/2022 | 20/06/2022 | 20/06/2022 | E-Books |